| 000 | 00525nam a2200169Ia 4500 | ||
|---|---|---|---|
| 008 | 180921t2017 xxu||||| |||| 00| 0 sin d | ||
| 041 | _asin | ||
| 080 |
_aX39 _bTHE |
||
| 100 | _aThennakoon, Jayathissa | ||
| 245 | _aතොටගමුවේ ශ්රී රාහුල හිමියන් ගැන ජන කතා | ||
| 246 | _aThotagamuwe Sri Rahula Himiyan gena Rasa Katha | ||
| 260 |
_bGodage _aColombo _c2017 |
||
| 300 | _b96p, 22cm | ||
| 942 | _cBK | ||
| 999 |
_c5658 _d5658 |
||
| 003 | LK-CoDNM | ||
| 040 |
_aLK-CoDNM _dLK-CoDNM _eLK-CoDNM |
||